Osiągnięcia na Euro - Statystyki

Ogólne statystyki
  • Ten quiz został rozwiązany 11 razy
  • Średni wynik to 6 z 6
Statystyki odpowiedzi
Miejsce Państwo % Poprawnych
Wicemistrz (2) Anglia | Czechy | Belgia | Jugosławia
100%
Mistrz (1) Hiszpania | Niemcy | Włochy | Francja | Holandia | Portugalia | Dania | Grecja | Czechosłowacja | ZSSR | RFN
100%
Ćwierćfinal (5-8) Rumunia | Irlandia | Szkocja | WNP | Chorwacja | Polska | Islandia | Szwajcaria | Ukraina
100%
Półfinał (3-4) Węgry | Rosja | Turcja | Walia | Szwecja
100%
17-24 Albania | Finlandia | Macedonia Północna | Serbia
90%
⅛ finału (9-16) Bułgaria | Norwegia | Słowenia | Łotwa | Austria | Irlandia Północna | Słowacja | Gruzja
80%
Nie znaleziono quizów pasujących do podanych kryteriów
Rozkład punktacji
Procent ludzi z każdym wynikiem
Percentyl według liczby udzielonych odpowiedzi
Twoja historia wyników
Nie rozwiązałeś tego quizu